Fuerza motriz y tracción eléctrica / (Record no. 153876)

MARC details
000 -LEADER
campo de control de longitud fija 00909nam a2200229 i 4500
001 - NÚMERO DE CONTROL
campo de control 153876
003 - IDENTIFICADOR DE NÚMERO DE CONTROL
campo de control ES-MaACL
005 - FECHA Y HORA DE LA ÚLTIMA TRANSACCIÓN
campo de control 20230906205420.0
008 - DATOS DE LONGITUD FIJA--INFORMACIÓN GENERAL
campo de control de longitud fija 190122s1957 sp |||| | spa d
100 0# - ENTRADA PRINCIPAL--NOMBRE DE PERSONA
Nombre de persona Teuchert, Hans.
9 (RLIN) 109847
245 10 - MENCIÓN DEL TÍTULO
Título Fuerza motriz y tracción eléctrica /
Mención de responsabilidad, etc. por Hans Teuchert ; traducción del alemán, ampliada por Emilio Siegrist Spinedy ; con un apéndice sobre "rectificadores" por Francisco Planell.
250 ## - MENCION DE EDICION
Mención de edición 1ª ed. 1948, 2ª reimp. 1957.
260 ## - PUBLICACIÓN, DISTRIBUCIÓN, ETC.
Lugar de publicación, distribución, etc. Barcelona :
Nombre del editor, distribuidor, etc. Labor,
Fecha de publicación, distribución, etc. 1957.
300 ## - DESCRIPCIÓN FÍSICA
Extensión XI, 483 p., 1 h. de plano pleg. :
Otras características físicas il., plano ;
Dimensiones 22 cm.
490 1# - MENCIÓN DE SERIE
Mención de serie La escuela del técnico electricista ;
Designación de volumen o secuencia 11
650 #4 - PUNTO DE ACCESO ADICIONAL DE MATERIA--TÉRMINO DE MATERIA
Término de materia o nombre geográfico como elemento de entrada Electrotecnia.
9 (RLIN) 12169
700 1# - ENTRADA AGREGADA--NOMBRE PERSONAL
Nombre de persona Siegrist Spinedy, Emilio.
9 (RLIN) 166034
700 0# - ENTRADA AGREGADA--NOMBRE PERSONAL
Nombre de persona Planell, Francisco.
9 (RLIN) 92544
830 0# - PUNTO DE ACCESO ADICIONAL DE SERIE-TÍTULO UNIFORME
Título uniforme La escuela del técnico electricista ;
Designación de volumen o secuencia 11
9 (RLIN) 187813
852 ## - LOCALIZACIÓN
Ubicación ES-MaACL
Número de control de estantería P-317-6
Holdings
Estatus retirado Estado de pérdida Estado de daño No para préstamo Biblioteca de origen Biblioteca actual Ubicación en estantería Fecha de adquisición Fuente de adquisición Total de préstamos Signatura topográfica completa Código de barras Visto por última vez Precio de reemplazo Tipo de ítem Koha
        Biblioteca del Ateneo de Madrid Biblioteca del Ateneo de Madrid Depósito 2 22/01/2019     P-317-6 1199681 23/02/2023 23/02/2023 Libro impreso